| 000 | 00353cam a2200145ua 4500 | ||
|---|---|---|---|
| 041 |
_aeng _h |
||
| 082 |
_a822 _bSHE/SC |
||
| 100 | _aSheridan, . | ||
| 245 |
_aSchool for scandal / _cSheridan. _hTextual Documents |
||
| 260 |
_aLondon : _bOxford at the Clarendon Press , _c1961. |
||
| 300 | _a112 ; . | ||
| 504 | _a | ||
| 942 | _cBK | ||
| 999 |
_c476 _d476 |
||